000 00448nam a2200181 a 4500
001 1756735771918
003 ACL
005 20250901194055.0
008 250901s2007##################000#0#eng##
020 _a9780740763113
082 0 4 _a779.092
_bWEX
100 1 _aWexler, Glen,
_eauthor.
245 1 0 _aThe Secret Life of Cows :
260 _bAndrews McMeel Publishing,
_c2007.
650 0 _aHumor.
942 _cENGLISH
040 _aACL
_beng
_cACL
999 _c584892
_d584892